| 000 | 01186nam a2200337 i 4500 | ||
|---|---|---|---|
| 001 | bg | ||
| 003 | KOSZ 005 | ||
| 005 | 20200525101454.0 | ||
| 008 | 970510s1993 pl a f f |000 0 pol | ||
| 015 | _aPB 1993/7271 | ||
| 035 | _a(OCoLC)830056356 | ||
| 040 |
_aWA N _cKOSZ 005/HR _dKOSZ 005/HR |
||
| 080 | _a531.1/.4 | ||
| 080 | _a(075.8) | ||
| 100 | 1 |
_aKruszewski, Jan _d(1929-2012) _eAutor |
|
| 245 | 1 | 0 |
_aMechanika ogólna / _cJan Kruszewski, Wiesław Ostachowicz, Edmund Wittbrodt ; Politechnika Gdańska. |
| 250 | _a[Wyd. 3]. | ||
| 260 |
_aGdańsk : _bWydaw. PG, _c1993. |
||
| 300 |
_a259, [1] s. : _brys., wykr. ; _c24 cm. |
||
| 380 | _aKsiążki. | ||
| 504 | _aBibliogr. s. [260]. | ||
| 521 | _aSkrypt dla studentów I i II roku Wydz. Mechanicznego. | ||
| 658 | _aFizyka i astronomia | ||
| 655 | 4 | _aPodręczniki akademickie | |
| 650 | 4 | _aMechanika | |
| 700 | 1 |
_aOstachowicz, Wiesław _d(1947- ) |
|
| 710 | 2 |
_aPolitechnika Gdańska. _bWydawnictwo. _4pbl. |
|
| 700 | 1 |
_aWittbrodt, Edmund _d(1947- ) _eAutor |
|
| 856 |
_uhttp://koha.tu.koszalin.pl/cgi-bin/koha/opac-detail.pl?biblionumber=6251 _yKatalog online BPK |
||
| 942 |
_2UKD _cKS |
||
| 999 |
_c6251 _d6251 |
||